000
00263nam a2200109Ia 4500
008
200302s9999 xx 000 0 und d
100
_a
Charles Miller
245
_a
Tips & Techniques for Builders
260
_b
The Taunton Press
260
_c
1988
300
_a
256 P.,
999
_c
2259
_d
2259